000 00382nam a22001697a 4500
005 20160622111258.0
008 160622b xxu||||| |||| 00| 0 eng d
020 _a978-1-846-14147-8
041 _aeng
082 _b9145
100 _aSen, Amartya
_92465
245 _aThe Idea of Justice
260 _bpenguin
_c2009
300 _a415
650 _aManagement
_9241
942 _cBK
999 _c3502
_d3501